Kreisfreie Städte Deutschlands, die mit 'r' enden - Statistiken

Allgemein
  • Dieses Quiz wurde 19 mal gespielt
  • Das Durchschnittsergebnis liegt bei 2 aus 6
Antwortstatistiken
Kreisfreie Stadt % Korrekt
Münster
71%
Trier
43%
Weimar
43%
Neumünster
29%
Salzgitter
21%
Speyer
14%
Keine übereinstimmenden Quizze gefunden
Verteilung der Resultate
Anzahl Personen mit jedem Resultat
Perzentil nach korrekt beantworteten Fragen
Ihre Resultats-Entwicklung
Sie haben dieses Quiz noch nicht gespielt